000 00584nam a22002057a 4500
005 20250624121855.0
010 _aENG-145430
020 _a9789361635069
_c280.00
035 _aEN-128962
037 _bDBAD
082 _a658.3
_21
100 _aP. Rajini
_982276
245 _aHuman Resource Management
_cP. Rajini [and] R. Kiruthika
250 _a1
260 _aTamil Nadu
_bShanlax Publication
270 _aVasant Nagar, Madurai
_bTamil Nadu
_e625003
300 _a128p.
_c22cm.(Pb)
700 _aR. kiruthika
_982277
942 _2ddc
_cEN
_h658.3
_mRAJ
_e1
999 _c211918
_d211918